000 00344nam a2200121Ia 4500
008 151001s9999||||xx |||||||||||||| ||und||
100 _aRelations Depart Public
245 _aIs Years Ahead
260 _bA Fazalhhay pub.
260 _c1937
300 _a292
365 _b13
999 _c950124
_d950121